[Event "Cafe Baroque International 1st"]
[Site "London, Simpsons"]
[Date "1994.02.16"]
[Round "5"]
[White "Harley, Andrew D"]
[Black "Mortazavi, Ali"]
[Result "1/2-1/2"]
[WhiteElo "2290"]
[BlackElo "2350"]
[PlyCount "33"]
[EventDate "1994.02.12"]
[EventType "tourn"]
[EventRounds "9"]
[EventCountry "ENG"]
[EventCategory "3"]
[SourceTitle "BritBase"]
[Source "John Saunders"]
[SourceDate "2023.06.01"]
[SourceVersion "1"]
[SourceVersionDate "2023.06.01"]
[SourceQuality "1"]

1. e4 c5 2. c3 d5 3. exd5 Qxd5 4. d4 Nf6 5. Nf3 Nc6 6. Be2 cxd4 7. cxd4 e6 8.
Nc3 Qd6 9. O-O Be7 10. Nb5 Qd8 11. Bf4 Nd5 12. Bg3 a6 13. Nc3 O-O 14. Ne5 Nxc3
15. bxc3 Nxe5 16. Bxe5 Bd6 17. Bxd6 1/2-1/2

[Event "Cafe Baroque International 1st"]
[Site "London, Simpsons"]
[Date "1994.02.16"]
[Round "5"]
[White "McDonald, Neil R"]
[Black "Summerscale, Aaron P"]
[Result "1-0"]
[WhiteElo "2390"]
[BlackElo "2410"]
[PlyCount "69"]
[EventDate "1994.02.12"]
[EventType "tourn"]
[EventRounds "9"]
[EventCountry "ENG"]
[EventCategory "3"]
[SourceTitle "BritBase"]
[Source "John Saunders"]
[SourceDate "2023.06.01"]
[SourceVersion "1"]
[SourceVersionDate "2023.06.01"]
[SourceQuality "1"]

1. e4 c6 2. d4 d5 3. Nd2 dxe4 4. Nxe4 Nd7 5. Ng5 Ngf6 6. Bd3 e6 7. N1f3 h6 8.
Nxe6 fxe6 9. Bg6+ Ke7 10. Bf4 Qa5+ 11. c3 Kd8 12. O-O Be7 13. Re1 Nf8 14. Bd3
Bd7 15. Ne5 Kc8 16. b4 Qb6 17. Nf7 Nd5 18. Bg3 Rg8 19. c4 Nxb4 20. Be4 Be8 21.
Nd6+ Bxd6 22. Bxd6 a5 23. a3 Na6 24. Qf3 Ng6 25. Qg4 Nf8 26. Bh7 h5 27. Qe2 Rh8
28. Bc2 Qd8 29. c5 Rg8 30. Rab1 Bf7 31. d5 Qf6 32. dxc6 bxc6 33. Qe4 Be8 34.
Ba4 Qf5 35. Qxf5 1-0

[Event "Cafe Baroque International 1st"]
[Site "London, Simpsons"]
[Date "1994.02.16"]
[Round "5"]
[White "McEwan, Ken B"]
[Black "Anagnostopoulos, Dimitrios"]
[Result "0-1"]
[WhiteElo "2150"]
[BlackElo "2425"]
[PlyCount "82"]
[EventDate "1994.02.12"]
[EventType "tourn"]
[EventRounds "9"]
[EventCountry "ENG"]
[EventCategory "3"]
[SourceTitle "BritBase"]
[Source "John Saunders"]
[SourceDate "2023.06.01"]
[SourceVersion "1"]
[SourceVersionDate "2023.06.01"]
[SourceQuality "1"]

1. e4 c5 2. Nc3 Nc6 3. g3 g6 4. Bg2 Bg7 5. f4 d6 6. Nf3 e6 7. d3 Nge7 8. O-O
O-O 9. Be3 Nd4 10. Qd2 Nec6 11. Nd1 f5 12. c3 Nxf3+ 13. Bxf3 Qc7 14. Bf2 b6 15.
Ne3 Bb7 16. exf5 gxf5 17. Nc2 Na5 18. Bxb7 Qxb7 19. Rae1 Rae8 20. Re2 e5 21.
fxe5 dxe5 22. d4 cxd4 23. cxd4 e4 24. b3 Nc6 25. Be3 Rd8 26. Ref2 Ne5 27. Rxf5
Rxf5 28. Rxf5 Nf3+ 29. Rxf3 exf3 30. Kf2 Qe4 31. Qc3 Qf5 32. Qc4+ Kh8 33. Ne1
Rc8 34. Qa6 Rc7 35. Qa4 Re7 36. Nxf3 Qc2+ 37. Nd2 Qd3 38. Nc4 Rf7+ 39. Bf4
Bxd4+ 40. Kg2 Qe2+ 41. Kh3 Rxf4 0-1

[Event "Cafe Baroque International 1st"]
[Site "London, Simpsons"]
[Date "1994.02.16"]
[Round "5"]
[White "Morris, Philip"]
[Black "O'Shaughnessy, Conor"]
[Result "1-0"]
[WhiteElo "2390"]
[BlackElo "2295"]
[PlyCount "89"]
[EventDate "1994.02.12"]
[EventType "tourn"]
[EventRounds "9"]
[EventCountry "ENG"]
[EventCategory "3"]
[SourceTitle "BritBase"]
[Source "John Saunders"]
[SourceDate "2023.06.01"]
[SourceVersion "1"]
[SourceVersionDate "2023.06.01"]
[SourceQuality "1"]

1. e4 c5 2. Nf3 d6 3. d4 cxd4 4. Nxd4 Nf6 5. Nc3 a6 6. Be2 e5 7. Nb3 Be7 8. O-O
Be6 9. f4 Qc7 10. a4 Nbd7 11. f5 Bc4 12. a5 O-O 13. Bxc4 Qxc4 14. Ra4 Qc6 15.
Be3 Bd8 16. Qd3 b5 17. axb6 Bxb6 18. Bxb6 Qxb6+ 19. Kh1 h5 20. h3 h4 21. Qe2
Rfc8 22. Qe1 Nc5 23. Ra3 Rab8 24. Qxh4 Nxb3 25. Rxb3 Qd4 26. Rd1 Qc5 27. Rd3
Rxb3 28. cxb3 Ne8 29. Nd5 Qc1+ 30. Kh2 Rc2 31. f6 Qh6 32. Qxh6 gxh6 33. Rc3
Rxc3 34. bxc3 Kh7 35. b4 Kg6 36. c4 Nxf6 37. Nxf6 Kxf6 38. Kg3 Ke6 39. Kg4 h5+
40. Kxh5 f5 41. exf5+ Kxf5 42. b5 axb5 43. cxb5 Ke6 44. b6 Kd7 45. Kg4 1-0

[Event "Cafe Baroque International 1st"]
[Site "London, Simpsons"]
[Date "1994.02.17"]
[Round "6"]
[White "McDonald, Neil R"]
[Black "Harley, Andrew D"]
[Result "1-0"]
[WhiteElo "2390"]
[BlackElo "2290"]
[PlyCount "117"]
[EventDate "1994.02.12"]
[EventType "tourn"]
[EventRounds "9"]
[EventCountry "ENG"]
[EventCategory "3"]
[SourceTitle "BritBase"]
[Source "John Saunders"]
[SourceDate "2023.06.01"]
[SourceVersion "1"]
[SourceVersionDate "2023.06.01"]
[SourceQuality "1"]

1. c4 Nf6 2. g3 e6 3. Bg2 d5 4. Nf3 Be7 5. O-O O-O 6. d4 dxc4 7. Ne5 Nc6 8.
Nxc6 bxc6 9. Qa4 Qxd4 10. Bxc6 Rb8 11. Nc3 Rb4 12. Qc2 Qd6 13. Bf3 Bb7 14. Rd1
Qa6 15. e4 Bc6 16. Be2 Bc5 17. a3 Rbb8 18. Kf1 Qb7 19. f3 Qb3 20. Qxb3 cxb3 21.
Bf4 Bb6 22. Rac1 Rfc8 23. Ba6 Rd8 24. Rxd8+ Rxd8 25. Ne2 Be8 26. Bxc7 Rd2 27.
Be5 Nd7 28. Rc8 f6 29. Ke1 Rc2 30. Bc3 Kf7 31. Bd3 Ne5 32. Bxc2 Nxf3+ 33. Kd1
bxc2+ 34. Kxc2 Bd7 35. Rb8 Bc6 36. Bb4 Bxe4+ 37. Kd1 Nxh2 38. Nf4 g5 39. Rf8+
Kg7 40. Nh5+ Kg6 41. Nxf6 Bf3+ 42. Ke1 Bd4 43. Bc3 Be3 44. Nxh7 Kxh7 45. Rh8+
Kg6 46. Rxh2 Kf5 47. Rh7 Bd5 48. Rg7 g4 49. Bd2 Bd4 50. Rg5+ Ke4 51. Rxg4+ Kd3
52. Bc3 Bc5 53. Rg7 a6 54. g4 Ke4 55. g5 Kf5 56. g6 e5 57. Rc7 Be3 58. g7 Bh6
59. Rc5 {Source: CHESS, October 1994, Vol.59/7, p40} 1-0

[Event "Cafe Baroque International 1st"]
[Site "London, Simpsons"]
[Date "1994.02.17"]
[Round "6"]
[White "Mortazavi, Ali"]
[Black "Morris, Philip"]
[Result "1/2-1/2"]
[WhiteElo "2350"]
[BlackElo "2390"]
[PlyCount "26"]
[EventDate "1994.02.12"]
[EventType "tourn"]
[EventRounds "9"]
[EventCountry "ENG"]
[EventCategory "3"]
[SourceTitle "BritBase"]
[Source "John Saunders"]
[SourceDate "2023.06.01"]
[SourceVersion "1"]
[SourceVersionDate "2023.06.01"]
[SourceQuality "1"]

1. e4 e5 2. Nf3 Nc6 3. Bc4 Nf6 4. d3 Bc5 5. c3 a6 6. Nbd2 d6 7. Bb3 Ba7 8. h3
O-O 9. Nf1 Ne7 10. Ng3 Ng6 11. O-O c6 12. d4 h6 13. Be3 Rb8 1/2-1/2

[Event "Cafe Baroque International 1st"]
[Site "London, Simpsons"]
[Date "1994.02.17"]
[Round "6"]
[White "O'Shaughnessy, Conor"]
[Black "Etmans, Maarten D"]
[Result "1-0"]
[WhiteElo "2295"]
[BlackElo "2230"]
[PlyCount "147"]
[EventDate "1994.02.12"]
[EventType "tourn"]
[EventRounds "9"]
[EventCountry "ENG"]
[EventCategory "3"]
[SourceTitle "BritBase"]
[Source "John Saunders"]
[SourceDate "2023.06.01"]
[SourceVersion "1"]
[SourceVersionDate "2023.06.01"]
[SourceQuality "1"]

1. e4 Nf6 2. e5 Nd5 3. d4 d6 4. c4 Nb6 5. exd6 exd6 6. Nc3 Be7 7. Nf3 Bg4 8. h3
Bxf3 9. Qxf3 Nc6 10. Be3 Bf6 11. O-O-O O-O 12. h4 g6 13. h5 Bg5 14. Ne4 Bxe3+
15. Qxe3 f5 16. Ng5 Qe7 17. hxg6 Qxe3+ 18. fxe3 hxg6 19. c5 Nd7 20. Bc4+ Kg7
21. Ne6+ Kf6 22. Rh7 Ne7 23. Nxf8 Rxf8 24. cxd6 cxd6 25. Rdh1 d5 26. Bb3 Rc8+
27. Kd2 Nb6 28. Rh8 Rc6 29. R1h7 Nec8 30. Rxb7 Nd6 31. Rxa7 Nbc4+ 32. Bxc4
Nxc4+ 33. Kc3 Nxe3+ 34. Kb4 Rb6+ 35. Kc5 Rxb2 36. Rf8+ Kg5 37. a4 Rxg2 38. a5
Rc2+ 39. Kd6 f4 40. Raf7 Ra2 41. Rxf4 Rxa5 42. Rf3 Nf5+ 43. R3xf5+ gxf5 44. Ke5
f4 45. Rg8+ Kh6 46. Kxf4 Kh7 47. Rg1 Ra8 48. Ke5 Ra5 49. Kd6 Kh6 50. Kc6 Kh5
51. Kb6 Ra4 52. Kc5 Ra5+ 53. Kd6 Kh6 54. Ke6 Rb5 55. Rg8 Ra5 56. Rd8 Kg7 57.
Rxd5 Ra1 58. Rf5 Re1+ 59. Kd6 Rd1 60. d5 Kg6 61. Rf2 Kg7 62. Ke6 Re1+ 63. Kd7
Rd1 64. d6 Rc1 65. Ke7 Re1+ 66. Kd8 Rd1 67. d7 Rc1 68. Rf4 Rc2 69. Ke7 Re2+ 70.
Kd6 Rd2+ 71. Kc6 Rd1 72. Rf5 Kg6 73. Rd5 Rc1+ 74. Kd6 1-0

[Event "Cafe Baroque International 1st"]
[Site "London, Simpsons"]
[Date "1994.02.17"]
[Round "6"]
[White "Summerscale, Aaron P"]
[Black "Anagnostopoulos, Dimitrios"]
[Result "1-0"]
[WhiteElo "2410"]
[BlackElo "2425"]
[PlyCount "103"]
[EventDate "1994.02.12"]
[EventType "tourn"]
[EventRounds "9"]
[EventCountry "ENG"]
[EventCategory "3"]
[SourceTitle "BritBase"]
[Source "John Saunders"]
[SourceDate "2023.06.01"]
[SourceVersion "1"]
[SourceVersionDate "2023.06.01"]
[SourceQuality "1"]

1. d4 Nf6 2. g3 c5 3. d5 e6 4. c4 exd5 5. cxd5 d6 6. Nc3 g6 7. Bg2 Bg7 8. Nf3
O-O 9. O-O Re8 10. Nd2 a6 11. a4 Nbd7 12. h3 Rb8 13. Nc4 Ne5 14. Na3 Nh5 15. e4
Bd7 16. a5 Qxa5 17. g4 Nf6 18. g5 Nh5 19. f4 c4 20. fxe5 Qc5+ 21. Rf2 Bxe5 22.
Nc2 Bh2+ 23. Kf1 Qc8 24. Rf3 Ng3+ 25. Kf2 Nxe4+ 26. Nxe4 Rxe4 27. Be3 Rh4 28.
Nd4 Bxh3 29. Bxh3 Rxh3 30. Rxh3 Qxh3 31. Qf3 Qd7 32. Rh1 Be5 33. Qh3 Qxh3 34.
Rxh3 Rc8 35. Kf3 h5 36. gxh6 Kh7 37. Rh4 f6 38. Rh1 b5 39. Ra1 c3 40. bxc3 Rxc3
41. Ke2 f5 42. Rxa6 f4 43. Bf2 b4 44. Rb6 Kxh6 45. Rxb4 g5 46. Nf5+ Kh5 47. Bd4
f3+ 48. Kf2 Rd3 49. Bxe5 dxe5 50. Ne3 Ra3 51. Kxf3 g4+ 52. Rxg4 1-0

[Event "Cafe Baroque International 1st"]
[Site "London, Simpsons"]
[Date "1994.02.17"]
[Round "6"]
[White "Tyrtania, Maximilian"]
[Black "McEwan, Ken B"]
[Result "1-0"]
[WhiteElo "2245"]
[BlackElo "2150"]
[PlyCount "101"]
[EventDate "1994.02.12"]
[EventType "tourn"]
[EventRounds "9"]
[EventCountry "ENG"]
[EventCategory "3"]
[SourceTitle "BritBase"]
[Source "John Saunders"]
[SourceDate "2023.06.01"]
[SourceVersion "1"]
[SourceVersionDate "2023.06.01"]
[SourceQuality "1"]

1. d4 Nf6 2. c4 e6 3. Nc3 Bb4 4. e3 b6 5. Nge2 Bb7 6. a3 Be7 7. d5 d6 8. e4
Nbd7 9. Nd4 e5 10. Nf5 O-O 11. g3 Bc8 12. Bg2 Ne8 13. Nxe7+ Qxe7 14. O-O g6 15.
Bh6 Ng7 16. f4 f6 17. b4 Rf7 18. f5 Nf8 19. g4 Bd7 20. Ra2 Be8 21. Raf2 Nd7 22.
Qd2 g5 23. Bf3 Rf8 24. Bd1 Kf7 25. Ba4 Nb8 26. Bd1 Rg8 27. Bxg5 fxg5 28. f6 Qd7
29. Qxg5 Nf5 30. Qh5+ Kf8 31. f7 Bxf7 32. Rxf5 Rg7 33. Qh6 Kg8 34. Qf6 Qe8 35.
Ba4 Nd7 36. Qxg7+ Kxg7 37. Rxf7+ Qxf7 38. Rxf7+ Kxf7 39. Bxd7 a5 40. b5 h5 41.
g5 h4 42. Bf5 Rh8 43. Kf2 Rh5 44. g6+ Kf6 45. Ne2 Rg5 46. Ng1 Rh5 47. Nf3 Rh6
48. Kg2 Rh5 49. Kh3 Rh8 50. Kg4 h3 51. Ng5 1-0

[Event "Cafe Baroque International 1st"]
[Site "London, Simpsons"]
[Date "1994.02.18"]
[Round "7"]
[White "Anagnostopoulos, Dimitrios"]
[Black "Tyrtania, Maximilian"]
[Result "1/2-1/2"]
[WhiteElo "2425"]
[BlackElo "2245"]
[PlyCount "86"]
[EventDate "1994.02.12"]
[EventType "tourn"]
[EventRounds "9"]
[EventCountry "ENG"]
[EventCategory "3"]
[SourceTitle "BritBase"]
[Source "John Saunders"]
[SourceDate "2023.06.01"]
[SourceVersion "1"]
[SourceVersionDate "2023.06.01"]
[SourceQuality "1"]

1. d4 c5 2. d5 g6 3. e4 Bg7 4. Nf3 d6 5. Nc3 Nf6 6. Be2 O-O 7. O-O e6 8. h3 e5
9. Nd2 Bh6 10. a4 Nfd7 11. Nc4 Bxc1 12. Qxc1 Nb6 13. Ne3 a5 14. Qd2 N8d7 15. g3
f5 16. exf5 gxf5 17. f4 exf4 18. gxf4 Qh4 19. Rf3 Nf6 20. Bd3 Nh5 21. Qf2 Qf6
22. Kh2 Bd7 23. Rg1+ Kh8 24. h4 Ng7 25. Rg5 h6 26. Rh3 Qf7 27. Qg3 Nh5 28. Qf3
hxg5 29. hxg5 Kg7 30. Rxh5 Rh8 31. Rxh8 Rxh8+ 32. Kg2 Kg6 33. Ne2 Nc8 34. Ng3
Ne7 35. c4 Qh7 36. Ng4 Qh3+ 37. Kf2 Rh4 38. Ne3 Qh2+ 39. Ng2 Rh8 40. b3 Kf7 41.
Nf1 Qh1 42. Nge3 Qh7 43. Ng3 Qh2+ 1/2-1/2

[Event "Cafe Baroque International 1st"]
[Site "London, Simpsons"]
[Date "1994.02.18"]
[Round "7"]
[White "Etmans, Maarten D"]
[Black "Mortazavi, Ali"]
[Result "0-1"]
[WhiteElo "2230"]
[BlackElo "2350"]
[PlyCount "100"]
[EventDate "1994.02.12"]
[EventType "tourn"]
[EventRounds "9"]
[EventCountry "ENG"]
[EventCategory "3"]
[SourceTitle "BritBase"]
[Source "John Saunders"]
[SourceDate "2023.06.01"]
[SourceVersion "1"]
[SourceVersionDate "2023.06.01"]
[SourceQuality "1"]

1. e4 c5 2. Nf3 e6 3. b3 b6 4. Bd3 Bb7 5. O-O d6 6. Re1 Nd7 7. Bb2 Ngf6 8. c3
Be7 9. Bc2 O-O 10. d4 Qc7 11. Nbd2 Rac8 12. Rc1 e5 13. Bb1 Rfe8 14. Nf1 Bf8 15.
Ng3 g6 16. d5 b5 17. Qd2 Nb6 18. c4 bxc4 19. bxc4 Ba6 20. Bd3 Rb8 21. Nh4 Bg7
22. Nhf5 gxf5 23. Nxf5 h6 24. f4 Bc8 25. fxe5 dxe5 26. Rf1 Bxf5 27. Rxf5 Nbd7
28. Rcf1 Qd6 29. Bc1 Rb6 30. a4 Rf8 31. R1f3 Qe7 32. a5 Ra6 33. Bc2 Ne8 34. Ba4
Nd6 35. Bxd7 Qxd7 36. Rh5 Nxe4 37. Qc2 Qg4 38. Rfh3 Rg6 39. R5h4 Qd7 40. Qxe4
Qa4 41. Qe1 Rb8 42. Rd3 Rb1 43. Rd1 Qc2 44. Qf1 Rxg2+ 45. Kh1 Ra1 46. d6 Ra2
47. d7 Rxh2+ 48. Kg1 Rg2+ 49. Kh1 Rh2+ 50. Kg1 Qg6+ 0-1

[Event "Cafe Baroque International 1st"]
[Site "London, Simpsons"]
[Date "1994.02.18"]
[Round "7"]
[White "Harley, Andrew D"]
[Black "Summerscale, Aaron P"]
[Result "0-1"]
[WhiteElo "2290"]
[BlackElo "2410"]
[PlyCount "88"]
[EventDate "1994.02.12"]
[EventType "tourn"]
[EventRounds "9"]
[EventCountry "ENG"]
[EventCategory "3"]
[SourceTitle "BritBase"]
[Source "John Saunders"]
[SourceDate "2023.06.01"]
[SourceVersion "1"]
[SourceVersionDate "2023.06.01"]
[SourceQuality "1"]

1. e4 c5 2. c3 d5 3. exd5 Qxd5 4. d4 Nf6 5. Nf3 Nc6 6. Be2 cxd4 7. cxd4 e6 8.
Nc3 Qd6 9. O-O Be7 10. Be3 O-O 11. Rc1 Ng4 12. Qd2 Nxe3 13. Qxe3 Bd7 14. Ne4
Qb4 15. b3 Rad8 16. Rfd1 Bc8 17. Bc4 Qb6 18. Nc3 Bf6 19. Na4 Qa5 20. Qe4 Rfe8
21. a3 Be7 22. Ra1 g6 23. Bf1 Rd7 24. Nb2 Bf6 25. Nc4 Qd8 26. Nce5 Bxe5 27.
Nxe5 Nxe5 28. Qxe5 Rd5 29. Qe3 e5 30. Bc4 Rxd4 31. Qf3 Be6 32. Bxe6 Rxe6 33.
Rxd4 exd4 34. Rd1 d3 35. Kf1 d2 36. Qc3 Rd6 37. Ke2 Qe7+ 38. Kf1 Qg5 39. Ke2
Qg4+ 40. Qf3 Qd4 41. Kf1 Re6 42. g3 Qe5 43. Kg2 Qe1 44. b4 Re2 0-1

[Event "Cafe Baroque International 1st"]
[Site "London, Simpsons"]
[Date "1994.02.18"]
[Round "7"]
[White "McEwan, Ken B"]
[Black "O'Shaughnessy, Conor"]
[Result "1-0"]
[WhiteElo "2150"]
[BlackElo "2295"]
[PlyCount "62"]
[EventDate "1994.02.12"]
[EventType "tourn"]
[EventRounds "9"]
[EventCountry "ENG"]
[EventCategory "3"]
[SourceTitle "BritBase"]
[Source "John Saunders"]
[SourceDate "2023.06.01"]
[SourceVersion "1"]
[SourceVersionDate "2023.06.01"]
[SourceQuality "1"]

1. e4 c5 2. Nf3 d6 3. d4 cxd4 4. Nxd4 Nf6 5. Nc3 a6 6. f4 Qc7 7. Nf3 e5 8. Bd3
Nbd7 9. O-O b5 10. Qe1 Bb7 11. a3 Be7 12. Kh1 O-O 13. Nh4 Rfe8 14. Nf5 Bf8 15.
Rf3 g6 16. Ne3 d5 17. fxe5 dxe4 18. Rh3 Qxe5 19. Be2 h5 20. Bd2 Qe6 21. Ncd1
Ne5 22. Nf2 Nfg4 23. Nfxg4 hxg4 24. Rh4 Nf3 25. Bc3 Nxh4 26. Qxh4 Bg7 27. Nxg4
Bxc3 28. bxc3 Re7 29. Rf1 f5 30. Nh6+ Kf8 31. Nxf5 Rf7 1-0

[Event "Cafe Baroque International 1st"]
[Site "London, Simpsons"]
[Date "1994.02.19"]
[Round "8"]
[White "Harley, Andrew D"]
[Black "Morris, Philip"]
[Result "0-1"]
[WhiteElo "2290"]
[BlackElo "2390"]
[PlyCount "61"]
[EventDate "1994.02.12"]
[EventType "tourn"]
[EventRounds "9"]
[EventCountry "ENG"]
[EventCategory "3"]
[SourceTitle "BritBase"]
[Source "John Saunders"]
[SourceDate "2023.06.01"]
[SourceVersion "1"]
[SourceVersionDate "2023.06.01"]
[SourceQuality "1"]

1. e4 e5 2. Nf3 Nc6 3. Bb5 a6 4. Ba4 Nf6 5. O-O Nxe4 6. d4 b5 7. Bb3 d5 8. dxe5
Be6 9. Nbd2 Nc5 10. c3 d4 11. Ng5 Qxg5 12. Qf3 O-O-O 13. Bxe6+ fxe6 14. Qxc6
Qxe5 15. b4 Qd5 16. Qxd5 exd5 17. bxc5 dxc3 18. Nb3 d4 19. Ba3 Be7 20. Bb4 Bf6
21. a4 Kd7 22. axb5 axb5 23. Rac1 Ke6 24. Rfd1 Rd5 25. Rd3 c6 26. f3 Ra8 27.
Re1+ Kf7 28. Ra1 Rxa1+ 29. Nxa1 Rd8 30. Nc2 Ra8 31. Ba3 0-1

[Event "Cafe Baroque International 1st"]
[Site "London, Simpsons"]
[Date "1994.02.19"]
[Round "8"]
[White "McDonald, Neil R"]
[Black "Etmans, Maarten D"]
[Result "1-0"]
[WhiteElo "2390"]
[BlackElo "2230"]
[PlyCount "83"]
[EventDate "1994.02.12"]
[EventType "tourn"]
[EventRounds "9"]
[EventCountry "ENG"]
[EventCategory "3"]
[SourceTitle "BritBase"]
[Source "John Saunders"]
[SourceDate "2023.06.01"]
[SourceVersion "1"]
[SourceVersionDate "2023.06.01"]
[SourceQuality "1"]

1. e4 Nf6 2. e5 Nd5 3. d4 d6 4. c4 Nb6 5. exd6 exd6 6. Nc3 Be7 7. Nf3 Bf5 8.
Bd3 Bg6 9. O-O O-O 10. Re1 Bf6 11. Ne4 Bxe4 12. Bxe4 d5 13. cxd5 a5 14. d6 Qxd6
15. Bxb7 Ra7 16. Be4 N8d7 17. Qd3 g6 18. Bh6 Rd8 19. Rac1 Nd5 20. Qb5 Ne7 21.
Ng5 Bg7 22. Bxg7 Kxg7 23. Bf3 h6 24. Ne4 Qb4 25. Nc3 Nf5 26. a3 Qd6 27. d5 Rb8
28. Qe2 Nd4 29. Qe3 Nxf3+ 30. Qxf3 Rxb2 31. Ne4 Qb6 32. Qc3+ Kh7 33. Kh1 Rb3
34. Qc4 Kg7 35. d6 c6 36. Nd2 Rxa3 37. Nb1 Rb3 38. Re7 Ne5 39. Qe2 Rxe7 40.
dxe7 Qc5 41. Qd1 Qxe7 42. Qxb3 1-0

[Event "Cafe Baroque International 1st"]
[Site "London, Simpsons"]
[Date "1994.02.19"]
[Round "8"]
[White "Mortazavi, Ali"]
[Black "McEwan, Ken B"]
[Result "1-0"]
[WhiteElo "2350"]
[BlackElo "2150"]
[PlyCount "88"]
[EventDate "1994.02.12"]
[EventType "tourn"]
[EventRounds "9"]
[EventCountry "ENG"]
[EventCategory "3"]
[SourceTitle "BritBase"]
[Source "John Saunders"]
[SourceDate "2023.06.01"]
[SourceVersion "1"]
[SourceVersionDate "2023.06.01"]
[SourceQuality "1"]

1. d4 d5 2. c4 e6 3. Nc3 Nf6 4. Bg5 Be7 5. e3 Nbd7 6. cxd5 exd5 7. Bd3 O-O 8.
Nge2 c6 9. Qc2 Re8 10. O-O h6 11. Bh4 Ne4 12. Bxe7 Qxe7 13. Rae1 Nxc3 14. bxc3
c5 15. Ng3 Nf6 16. f3 cxd4 17. cxd4 Bd7 18. Qb2 h5 19. h3 g6 20. e4 h4 21. Ne2
Nh5 22. Qxb7 Rab8 23. Qxd5 Be6 24. Qa5 Rb2 25. d5 Bxh3 26. Rf2 Bc8 27. Qc3 Rxa2
28. Bc4 Ra3 29. Qd2 Ng3 30. d6 Qd8 31. Qf4 Be6 32. Bb5 Qa5 33. Rb1 Rb3 34. Rd1
Nxe2+ 35. Bxe2 Qc5 36. Qxh4 Rb2 37. Kf1 Bd7 38. g4 a5 39. Rh2 Kg7 40. g5 Qc3
41. Qh7+ Kf8 42. Qh8+ Qxh8 43. Rxh8+ Kg7 44. Rxe8 Bxe8 1-0

[Event "Cafe Baroque International 1st"]
[Site "London, Simpsons"]
[Date "1994.02.19"]
[Round "8"]
[White "O'Shaughnessy, Conor"]
[Black "Anagnostopoulos, Dimitrios"]
[Result "0-1"]
[WhiteElo "2295"]
[BlackElo "2425"]
[PlyCount "54"]
[EventDate "1994.02.12"]
[EventType "tourn"]
[EventRounds "9"]
[EventCountry "ENG"]
[EventCategory "3"]
[SourceTitle "BritBase"]
[Source "John Saunders"]
[SourceDate "2023.06.01"]
[SourceVersion "1"]
[SourceVersionDate "2023.06.01"]
[SourceQuality "1"]

1. e4 Nf6 2. e5 Nd5 3. d4 d6 4. c4 Nb6 5. exd6 cxd6 6. Nc3 g6 7. h3 Bg7 8. Nf3
O-O 9. Be3 Nc6 10. Rc1 Bf5 11. Be2 d5 12. c5 Nc4 13. b3 Nxe3 14. fxe3 e5 15.
dxe5 Nxe5 16. O-O Nxf3+ 17. Bxf3 Qg5 18. Nxd5 Rad8 19. Qe2 Bxh3 20. Rfd1 Bc8
21. Qc4 Be5 22. b4 h5 23. Rc2 h4 24. Rcd2 Rde8 25. Nf4 Qg3 26. c6 bxc6 27. Qxc6
Bxf4 0-1

[Event "Cafe Baroque International 1st"]
[Site "London, Simpsons"]
[Date "1994.02.19"]
[Round "8"]
[White "Summerscale, Aaron P"]
[Black "Tyrtania, Maximilian"]
[Result "1-0"]
[WhiteElo "2410"]
[BlackElo "2245"]
[PlyCount "53"]
[EventDate "1994.02.12"]
[EventType "tourn"]
[EventRounds "9"]
[EventCountry "ENG"]
[EventCategory "3"]
[SourceTitle "BritBase"]
[Source "John Saunders"]
[SourceDate "2023.06.01"]
[SourceVersion "1"]
[SourceVersionDate "2023.06.01"]
[SourceQuality "1"]

1. e4 e5 2. Nf3 Nc6 3. Nc3 Nf6 4. Bb5 d6 5. d4 exd4 6. Nxd4 Bd7 7. O-O g6 8.
Re1 Be7 9. Bh6 Nxd4 10. Qxd4 c5 11. Qd3 Ng4 12. Bg7 Rg8 13. e5 Rxg7 14. exd6 f6
15. Nd5 Ne5 16. Rxe5 fxe5 17. dxe7 Rxe7 18. Nf6+ Kf7 19. Nxd7 Kg7 20. Nxc5 Qb6
21. Na4 Qf6 22. Nc3 e4 23. Qe3 Rd8 24. Re1 Rd4 25. Bd3 Rb4 26. Nd5 exd3 27.
Qxe7+ 1-0

[Event "Cafe Baroque International 1st"]
[Site "London, Simpsons"]
[Date "1994.02.20"]
[Round "9"]
[White "Anagnostopoulos, Dimitrios"]
[Black "Mortazavi, Ali"]
[Result "1-0"]
[WhiteElo "2425"]
[BlackElo "2350"]
[PlyCount "103"]
[EventDate "1994.02.12"]
[EventType "tourn"]
[EventRounds "9"]
[EventCountry "ENG"]
[EventCategory "3"]
[SourceTitle "BritBase"]
[Source "John Saunders"]
[SourceDate "2023.06.01"]
[SourceVersion "1"]
[SourceVersionDate "2023.06.01"]
[SourceQuality "1"]

1. e4 c5 2. Nf3 e6 3. d4 cxd4 4. Nxd4 a6 5. Bd3 Nf6 6. O-O Qc7 7. Qe2 d6 8. c4
g6 9. Nc3 Bg7 10. Be3 O-O 11. Rac1 b6 12. Rfd1 Bb7 13. f3 Nbd7 14. Qd2 Rac8 15.
Bf1 Rfd8 16. Bg5 Qb8 17. Kh1 Rc5 18. Nb3 Rc6 19. Qf4 Nh5 20. Qh4 Re8 21. Be2
Rcc8 22. Nd4 d5 23. cxd5 exd5 24. exd5 Rxc3 25. Rxc3 Bxd4 26. Qxd4 Rxe2 27. d6
Re5 28. Be7 Rd5 29. Qg1 Nf4 30. Rc7 Nc5 31. Rxd5 Nxd5 32. d7 Nxe7 33. Rc8+ Qxc8
34. dxc8=Q+ Nxc8 35. Qd4 a5 36. b3 Kf8 37. Qh8+ Ke7 38. Qxh7 Nd6 39. Qh4+ Kd7
40. Qd4 Kc7 41. Kg1 Ba6 42. h4 Bc8 43. g4 Ne6 44. Qe5 Bb7 45. Kf2 Kd7 46. h5
gxh5 47. gxh5 Nc5 48. Kg2 Ba6 49. h6 Bd3 50. Qg7 Ne6 51. Qg8 Nf4+ 52. Kf2 1-0

[Event "Cafe Baroque International 1st"]
[Site "London, Simpsons"]
[Date "1994.02.20"]
[Round "9"]
[White "Etmans, Maarten D"]
[Black "Harley, Andrew D"]
[Result "1-0"]
[WhiteElo "2230"]
[BlackElo "2290"]
[PlyCount "83"]
[EventDate "1994.02.12"]
[EventType "tourn"]
[EventRounds "9"]
[EventCountry "ENG"]
[EventCategory "3"]
[SourceTitle "BritBase"]
[Source "John Saunders"]
[SourceDate "2023.06.01"]
[SourceVersion "1"]
[SourceVersionDate "2023.06.01"]
[SourceQuality "1"]

1. e4 e6 2. d4 d5 3. Nc3 Bb4 4. exd5 exd5 5. Bd3 Nc6 6. a3 Bxc3+ 7. bxc3 Nge7
8. Qh5 Be6 9. Rb1 b6 10. Ne2 Qd7 11. h3 Bf5 12. O-O Bg6 13. Qf3 O-O-O 14. Nf4
Kb8 15. a4 Na5 16. Ba3 c6 17. Bb4 Nc4 18. Bxc4 dxc4 19. Bxe7 Qxe7 20. Nxg6 hxg6
21. Qxc6 Rc8 22. Qf3 Rh5 23. Rfe1 Qd7 24. Rb4 Rc6 25. Re3 a5 26. Rb1 Re6 27.
Rbe1 Rf5 28. Qg3+ Ka7 29. Rxe6 fxe6 30. Qxg6 Rf6 31. Qg3 Qf7 32. Re5 Rg6 33.
Qe3 Ka6 34. Qe4 Rf6 35. Qa8+ Qa7 36. Qc6 Rf5 37. Qxc4+ Kb7 38. Rxe6 Rf7 39.
Qd5+ Ka6 40. Qb5+ Kb7 41. c4 Rc7 42. c5 1-0